Đông Chu Liệt Quốc (Hai tập) T.1

Uloženo v:
Podrobná bibliografie
Hlavní autor: Phùng, Mộng Long
Další autoři: Nguyễn, Đố Mục (dịch)
Médium: Kniha
Jazyk:Vietnamese
Vydáno: Tp. Hồ Chí Minh Văn Hóa Sài Gòn 2009
Témata:
Tagy: Přidat tag
Žádné tagy, Buďte první, kdo otaguje tento záznam!
Thư viện lưu trữ: Trung tâm Học liệu Lê Vũ Hùng, Trường Đại học Đồng Tháp
LEADER 00936aam a22002538a 4500
001 00029055
005 20171026081025.0
008 120504s2009 ||||||viesd
020 |c 105000 
041 0 # |a vie 
082 1 # |a 895.1  |b Đ455CH 
100 1 # |a Phùng, Mộng Long 
245 1 0 |a Đông Chu Liệt Quốc  |b (Hai tập)  |c Phùng Mộng Long; Nguyễn Đỗ Mục dịch  |n T.1 
260 # # |a Tp. Hồ Chí Minh  |b Văn Hóa Sài Gòn  |c 2009 
300 # # |a 749tr.  |c 24cm. 
650 # 4 |a Văn học trung đại  |x Tiểu thuyết  |z Trung Quốc 
653 # # |a Tiểu thuyết lịch sử 
653 # # |a Văn học Trung Quốc 
700 1 # |a Nguyễn, Đố Mục  |e dịch 
852 # # |b Kho mượn  |j KM.0014045 
852 # # |b Kho đọc  |j KD.0013494 
852 # # |j KM.0014045  |j KD.0013494 
910 |d 04/05/2012 
980 # # |a Trung tâm Học liệu Lê Vũ Hùng, Trường Đại học Đồng Tháp